Caminos y encuentros de Maqroll el Gaviero (Record no. 18405)

MARC details
000 -LEADER
campo de control de longitud fija 00742nam a2200217 i 4500
001 - NÚMERO DE CONTROL
campo de control 18405
003 - IDENTIFICADOR DE NÚMERO DE CONTROL
campo de control ES-MaACL
005 - FECHA Y HORA DE LA ÚLTIMA TRANSACCIÓN
campo de control 20230906151830.0
007 - CAMPO FIJO DE DESCRIPCIÓN FÍSICA--INFORMACIÓN GENERAL
campo de control de longitud fija t|
008 - DATOS DE LONGITUD FIJA--INFORMACIÓN GENERAL
campo de control de longitud fija 011218s2001 sp ||||1| spa d
020 ## - NÚMERO INTERNACIONAL ESTÁNDAR DEL LIBRO
Número Internacional Estándar del Libro 84-89779-27-9
080 ## - NÚMERO DE LA CLASIFICACIÓN DECIMAL UNIVERSAL
Número de la Clasificación Decimal Universal 821.134.2(861) Mutis, Alvaro 1.06
245 00 - MENCIÓN DEL TÍTULO
Título Caminos y encuentros de Maqroll el Gaviero
Resto del título : escritos de y sobre Alvaro Mutis /
Mención de responsabilidad, etc. edición a cargo de Javier Ruiz Portella.
250 ## - MENCION DE EDICION
Mención de edición 1ª ed.
260 ## - PUBLICACIÓN, DISTRIBUCIÓN, ETC.
Lugar de publicación, distribución, etc. Barcelona :
Nombre del editor, distribuidor, etc. Altera,
Fecha de publicación, distribución, etc. 2001.
300 ## - DESCRIPCIÓN FÍSICA
Extensión 344 p.,[3] p. de lám. :
Otras características físicas 1 retr. ;
Dimensiones 23 cm.
600 14 - PUNTO DE ACCESO ADICIONAL DE MATERIA--NOMBRE DE PERSONA
Nombre de persona Mutis, Alvaro-
Subdivisión general Crítica e interpretación.
9 (RLIN) 84733
700 1# - ENTRADA AGREGADA--NOMBRE PERSONAL
Nombre de persona Ruiz Portella, Javier.
9 (RLIN) 100900
700 1# - ENTRADA AGREGADA--NOMBRE PERSONAL
Nombre de persona Mutis, Alvaro.
9 (RLIN) 84731
852 ## - LOCALIZACIÓN
Ubicación ES-MaACL
Número de control de estantería L-25204
Sublocalización o colección R.131084
Holdings
Estatus retirado Estado de pérdida Estado de daño No para préstamo Biblioteca de origen Biblioteca actual Ubicación en estantería Fecha de adquisición Fuente de adquisición Total de préstamos Signatura topográfica completa Código de barras Visto por última vez Precio de reemplazo Tipo de ítem Koha
        Biblioteca del Ateneo de Madrid Biblioteca del Ateneo de Madrid Depósito 2 17/01/2008     L-25204 1018828 23/02/2023 23/02/2023 Libro impreso